000 00385nam a2200169Ia 4500
005 20250423095815.0
008 250422s9999 xx 000 0 und d
020 _a0-321-42052-7
050 _aQA 76.9.D343 .T35/
100 _aTan Pang-Ning
245 0 _aIntroduction to Data Mining
260 _aBoston
260 _bPearson
260 _c2006
300 _a769 p
942 _cBK
999 _c31391
_d31391